Tous les jeux Lego TT games - Statistiques

Statistiques générales
  • Ce quiz a été pris 582 fois
    115 depuis la dernière actualisation
  • Le résultat moyen est 14 sur 27
Statistiques - réponses
Année Jeux % Correct
2008 Lego Batman
92%
2005 Lego Star Wars
87%
2014 Lego Batman 3 : Au-delà de Gotham
79%
2012 Lego Batman 2: DC Super Heroes
78%
2013 Lego Marvel Super Heroes
78%
2016 Lego Marvel's Avengers
65%
2008 Lego Indiana Jones : La Trilogie originale
64%
2012 Lego Le Seigneur des anneaux
58%
2011 Lego Star Wars III: The Clone Wars
58%
2013 Lego City Undercover
57%
2017 Lego Marvel Super Heroes 2
56%
2006 Lego Star Wars II
56%
2022 Lego Star Wars : La Saga Skywalker
55%
2017 Lego Ninjago, le film : Le Jeu vidéo
53%
2011 Lego Pirates des Caraïbes : Le Jeu vidéo
49%
2014 Lego Le Hobbit
48%
2014 La Grande Aventure Lego
43%
2015 Lego Jurassic World
43%
2009 Lego Indiana Jones 2 : L'Aventure continue
41%
2018 Lego Les Indestructibles
40%
2015 Lego Dimensions
37%
2019 La Grande Aventure Lego 2
34%
2007 Lego Star Wars: La Saga complète
33%
2018 Lego DC Super-vilains
30%
2016 Lego Star Wars : Le Réveil de la Force
26%
2010 Lego Harry Potter : Années 1 à 4
23%
2011 Lego Harry Potter : Années 5 à 7
21%
Aucun quiz correspondant
Distribution des résultats
% des personnes avec chaque résultat
Percentile par nombre de réponses
Votre historique - résultats
Vous n’avez pas pris ce quiz depuis la dernière actualisation